000 00565nam a2200229Ia 4500
005 20250425160855.0
008 250425s9999 xx 000 0 und d
020 _a0853125100
041 _aeng
082 _a620.1623
100 _aASHWORTH, V, BOOKER, C.J.L.
245 0 _aCATHODIC PROTECTION (THEORY AND PRACTICE)
250 _aS.E.
260 _aCHICHESTER
260 _aReino Unido
_bELLIS HORWOOD LIMITED
_c1986
300 _a357
650 _aCORROSION
650 _aDESGASTE
650 _aPROTECCION CATODICA
942 _c01
010 _a7336
999 _c197930
_d197930